| 000 | 01758nam a2200433 i 4500 | ||
|---|---|---|---|
| 001 | DIGPUZ0938 | ||
| 003 | NyNyDIG | ||
| 007 | cr ||||||||||| | ||
| 008 | 230717s2022 sp ob 000 0 spa d | ||
| 006 | m o d | ||
| 035 | _a(OCoLC)1391273541 | ||
| 040 |
_aDGITA _beng _erda _epn _cDGITA |
||
| 020 |
_a9788413406138 _qeBook |
||
| 020 | _z9788413406121 | ||
| 043 | _af-mr--- | ||
| 050 | 1 | 4 | _aPJ2369.M8 ebook |
| 100 | 1 |
_aNaciri-Azzouz, Amina, _eauthor. |
|
| 245 | 1 | 4 |
_aLas variedades árabes de Ghomara (Norte de Marruecos) : _bun estudio comparativo / _cAmina Naciri-Azzouz. |
| 250 | _a1a edición. | ||
| 264 | 1 |
_aZaragoza, España : _bPrensas de la Universidad de Zaragoza, _c2022. |
|
| 300 | _a1 online resource. | ||
| 336 |
_atext _btxt _2rdacontent |
||
| 337 |
_acomputer _bc _2rdamedia |
||
| 338 |
_aonline resource _bcr _2rdacarrier |
||
| 347 |
_atext file _2rdaft |
||
| 347 | _bPDF | ||
| 490 | 1 |
_aColección Estudios de dialectología árabe ; _vno. 19 |
|
| 504 | _aIncludes bibliographical references. | ||
| 588 | 0 | _aOnline resource; title from PDF title page (Digitalia, viewed July 17, 2023) | |
| 650 | 0 |
_aBerber languages _xDialects _zMorocco. |
|
| 650 | 0 |
_aArabic language _xInfluence on Berber. |
|
| 791 | 2 |
_aDigitalia (Firm), _edistributor. |
|
| 793 | 0 |
_gDigitalia eBook Collection: _aPrensas Universitarias de Zaragoza |
|
| 776 | 0 | 8 |
_iPrint version: _aNaciri-Azzouz, Amina. _tVariedades árabes de Ghomara (Norte de Marruecos). _b1a edición. _dZaragoza, España : Prensas de la Universidad de Zaragoza, 2022 _z9788413406121 |
| 830 | 0 |
_aEstudios de dialectología Árabe ; _v19. |
|
| 856 | 4 | 0 |
_3Digitalia Hispánica _uhttps://www.digitaliapublishing.com/a/127907/ |
| 910 | _aPremium collection: 2023 | ||
| 942 | _cRAA | ||
| 999 |
_c279031 _d279031 |
||